000 00497nam a2200157Ia 4500
008 210716s2009 xx 000 0 und d
020 _a9788132102298
041 _aeng
082 _a658.827 KAPJ
100 _aKapoor, Jagdeep.
245 _a9 brand shaastras: nine successful brand strategies to build winning brands.
_bNine successful brand strategies to build winning brands.
250 _a2
260 _aNew Delhi
_bResponse Books
_c2009
300 _axiii,91
650 _aBrand Management
999 _c205911
_d205911